Wittgenstein y el Círculo de Viena (Record no. 185154)

MARC details
000 -LEADER
campo de control de longitud fija 01336nam a2200337 i 4500
001 - NÚMERO DE CONTROL
campo de control 185154
003 - IDENTIFICADOR DE NÚMERO DE CONTROL
campo de control SpMaBN
005 - FECHA Y HORA DE LA ÚLTIMA TRANSACCIÓN
campo de control 20231128131524.0
008 - DATOS DE LONGITUD FIJA--INFORMACIÓN GENERAL
campo de control de longitud fija 160330s1998 sp | |||| | mul d
020 ## - NÚMERO INTERNACIONAL ESTÁNDAR DEL LIBRO
Número Internacional Estándar del Libro 84-89958-26-2
080 ## - NÚMERO DE LA CLASIFICACIÓN DECIMAL UNIVERSAL
Número de la Clasificación Decimal Universal 1 Wittgenstein, Ludwig
080 ## - NÚMERO DE LA CLASIFICACIÓN DECIMAL UNIVERSAL
Número de la Clasificación Decimal Universal 165.731.3
245 00 - MENCIÓN DEL TÍTULO
Título Wittgenstein y el Círculo de Viena
Resto del título = Wittgenstein und der Wiener Kreis : Actas del Congreso Internacional, Toledo, 2-5 de noviembre, 1994 /
Mención de responsabilidad, etc. coordinadores, Jesús Padilla Gálvez, Raimundo Drudis Baldrich.
246 31 - FORMA VARIANTE DEL TITULO
Título propio/Titulo breve Wittgenstein und der Wiener Kreis
250 ## - MENCION DE EDICION
Mención de edición 1ª ed.
260 ## - PUBLICACIÓN, DISTRIBUCIÓN, ETC.
Lugar de publicación, distribución, etc. Cuenca :
Nombre del editor, distribuidor, etc. Servicio de Publicaciones de la Universidad de Castilla-La Mancha,
Fecha de publicación, distribución, etc. 1998.
300 ## - DESCRIPCIÓN FÍSICA
Extensión 316 p. ;
Dimensiones 25 cm.
490 1# - MENCIÓN DE SERIE
Mención de serie Estudios ;
Designación de volumen o secuencia 49
504 ## - NOTA DE BIBLIOGRAFÍA, ETC.
Nota de bibliografía, etc. Referencias bibliográficas.
600 17 - PUNTO DE ACCESO ADICIONAL DE MATERIA--NOMBRE DE PERSONA
Nombre de persona Wittgenstein, Ludwig.
9 (RLIN) 117183
650 07 - PUNTO DE ACCESO ADICIONAL DE MATERIA--TÉRMINO DE MATERIA
Término de materia o nombre geográfico como elemento de entrada Positivismo lógico.
9 (RLIN) 16328
700 1# - ENTRADA AGREGADA--NOMBRE PERSONAL
Nombre de persona Padilla Gálvez, Jesús.
9 (RLIN) 159252
700 1# - ENTRADA AGREGADA--NOMBRE PERSONAL
Nombre de persona Drudis Baldrich, Raimundo.
9 (RLIN) 45680
710 2# - ENTRADA AGREGADA--NOMBRE DE ENTIDAD CORPORATIVA
Nombre de entidad corporativa o nombre de jurisdicción como elemento de entrada Universidad de Castilla-La Mancha.
9 (RLIN) 144367
830 0# - PUNTO DE ACCESO ADICIONAL DE SERIE-TÍTULO UNIFORME
Título uniforme Estudios ;
Designación de volumen o secuencia 49
9 (RLIN) 177349
852 ## - LOCALIZACIÓN
Ubicación ES-MaACL
Número de control de estantería A-13667
itemnumber 192173
Sublocalización o colección R.150885
Ubicación en estantería Depósito 1
Signatura antigua Olim: N-6667
Donativo/Legado Donación: Jesús Padilla Gálvez
903 ## - NOMBRE PERSONAL DE DONANTE
9 159252
a Padilla Gálvez, Jesús
e Donante
942 ## - ELEMENTOS DE ENTRADA SECUNDARIOS (KOHA)
Fuente del sistema de clasificación o colocación Clasificación decimal universal
Tipo de ítem Koha Libro impreso
Holdings
Estatus retirado Estado de pérdida Fuente del sistema de clasificación o colocación Estado de daño No para préstamo Biblioteca de origen Biblioteca actual Ubicación en estantería Fecha de adquisición Fuente de adquisición Total de préstamos Signatura topográfica completa Código de barras Visto por última vez Precio de reemplazo Tipo de ítem Koha
    Clasificación decimal universal     Biblioteca del Ateneo de Madrid Biblioteca del Ateneo de Madrid Depósito 1 30/03/2016 Donación   A-13667 1195034 23/02/2023 23/02/2023 Libro impreso